-ish - Will Wood and the Tapeworms Lyrics - Statistics

General Stats
  • This quiz has been taken 12 times
    6 since last reset
  • The average score is 101 of 107
Answer Stats
Lyrics % Correct
a
100%
am
100%
and
100%
And
100%
be
100%
be?
100%
be...
100%
captured
100%
comes
100%
create
100%
death
100%
died?
100%
doesn't
100%
had
100%
I
100%
ice
100%
if
100%
in
100%
it
100%
life
100%
man
100%
matter
100%
mind?
100%
my
100%
No,
100%
Or
100%
point
100%
preserve
100%
space
100%
takes
100%
That
100%
that
100%
the
100%
time
100%
To
100%
to
100%
way
100%
Well,
100%
Well
100%
who
100%
Will
100%
will
100%
winter
100%
27
75%
born
75%
can
75%
change
75%
did
75%
gonna
75%
I'll
75%
I'm
75%
just
75%
me?
75%
see
75%
self,
75%
stand
75%
stay
75%
still
75%
truths
75%
was
75%
where
75%
at
50%
its
50%
so
50%
No matching quizzes found
Score Distribution
Percent of People with Each Score
Percentile by Number Answered
Your Score History
You have not taken this quiz since the last reset